[Event "Open A"]
[Site "Livigno ITA"]
[Date "2010.09.14"]
[Round "5"]
[White "Karl, Hans"]
[Black "Bossi, Alessandro"]
[WhiteElo "2211"]
[BlackElo "2012"]
[Result "1-0"]
[PlyCount "97"]
[EventDate "2010.09.10"]

1. d4 d5 2. c4 e6 3. Nf3 dxc4 4. g3 Bd7 5. Bg2 Bc6 6. O-O Nf6 7. Qc2 Be7 8. a4
Be4 9. Qxc4 Bd5 10. Qd3 Be4 11. Qd1 Bc6 12. Nc3 Ne4 13. Qc2 Nxc3 14. bxc3 Bxf3
15. Bxf3 c6 16. Rb1 Qc8 17. Qb3 b6 18. Ba3 Qc7 19. c4 Bxa3 20. Qxa3 Qe7 21. Qc3
O-O 22. a5 Qc7 23. Rb3 Nd7 24. Ra1 Rab8 25. Rba3 Rfc8 26. axb6 axb6 27. Ra7 Qd8
28. Qa3 Nf6 29. e3 h6 30. Qa4 b5 31. Qb4 Qf8 32. Qb3 c5 33. cxb5 c4 34. Qa4 Nd5
35. Rc1 Qb4 36. e4 Qxa4 37. Rxa4 Nb6 38. Ra6 Rd8 39. Rd1 c3 40. Rc1 Rxd4 41.
Rxc3 Na4 42. Rc7 Rxb5 43. Raa7 Rb1+ 44. Kg2 Rb2 45. Rxf7 Rdd2 46. Bh5 Nb6 47.
Rxg7+ Kh8 48. Rgf7 Kg8 49. Rae7 1-0

[Event "Open A"]
[Site "Livigno ITA"]
[Date "2010.09.14"]
[Round "5"]
[White "Mlynek, Petr"]
[Black "Stella, Andrea"]
[WhiteElo "2183"]
[BlackElo "2334"]
[Result "0-1"]
[PlyCount "60"]
[EventDate "2010.09.10"]

1. d4 Nf6 2. c4 e6 3. g3 c5 4. Nf3 cxd4 5. Nxd4 d5 6. Bg2 e5 7. Nf3 d4 8. O-O
Nc6 9. e3 d3 10. Nbd2 Bg4 11. h3 Bh5 12. Qa4 Qd7 13. a3 Bd6 14. b4 O-O 15. c5
Bc7 16. b5 Nd8 17. Bb2 Re8 18. Rfc1 h6 19. Rc4 e4 20. Nxe4 Rxe4 21. Rxe4 Nxe4
22. Qxe4 Qxb5 23. Bd4 Bg6 24. Qd5 Ne6 25. Ne5 Rd8 26. Qxb7 Qxb7 27. Bxb7 Bxe5
28. Bxe5 d2 29. Bf3 Nxc5 30. Bc3 Nb3 0-1

[Event "Open A"]
[Site "Livigno ITA"]
[Date "2010.09.14"]
[Round "5"]
[White "Petkov, Vladimir"]
[Black "Cazzaniga, Walter"]
[WhiteElo "2513"]
[BlackElo "2114"]
[Result "1-0"]
[PlyCount "161"]
[EventDate "2010.09.10"]

1. d4 d5 2. c4 c6 3. Nf3 e6 4. Qc2 Nf6 5. g3 Nbd7 6. Bg2 Be7 7. O-O O-O 8. Rd1
Ne4 9. b3 f5 10. e3 Qe8 11. Ba3 Bxa3 12. Nxa3 Qe7 13. Nb1 Ndf6 14. Ne5 Bd7 15.
f3 Nd6 16. Nc3 Be8 17. Ne2 g5 18. Nc1 Rc8 19. Ncd3 Bh5 20. Re1 g4 21. c5 Nde8
22. f4 Bf7 23. b4 a6 24. a4 Nc7 25. Reb1 Kg7 26. Bf1 Be8 27. Nf2 h5 28. h4 gxh3
29. Nxh3 Ne4 30. Bd3 Kh6 31. Bxe4 dxe4 32. Kf2 Nd5 33. Qd2 Rg8 34. Rh1 Rc7 35.
Ng5 Rxg5 36. fxg5+ Qxg5 37. Rh4 Rg7 38. Rg1 Rg8 39. Nc4 Rg7 40. Nd6 Nf6 41. Rf4
Bg6 42. Rh1 Ng4+ 43. Kg2 e5 44. dxe5 Nxe5 45. Rh3 Nf3 46. Qc3 Kh7 47. Kf2 Re7
48. Rh1 Ne5 49. Rd1 Ng4+ 50. Kg2 Ne5 51. Nc8 Re8 52. Nd6 Re7 53. Rdf1 Nf3 54.
R1xf3 exf3+ 55. Kxf3 Re6 56. Nxb7 Re4 57. Nd6 Rxf4+ 58. exf4 Qg4+ 59. Kf2 h4
60. Qf3 hxg3+ 61. Kg2 Qh4 62. Qxg3 Qe7 63. Qh3+ Kg8 64. Qb3+ Kh7 65. Kf2 Qh4+
66. Qg3 Qh1 67. Qe3 Qd5 68. Kg3 Qd1 69. a5 Qg4+ 70. Kf2 Qh4+ 71. Ke2 Qh2+ 72.
Qf2 Bh5+ 73. Ke3 Qh3+ 74. Kd4 Qg4 75. Ke5 Kg6 76. Ke6 Qd1 77. Kd7 Qd5 78. Qh4
Bg4 79. Qg5+ Kh7 80. Qe7+ Kh8 81. Qf8+ 1-0

[Event "Open A"]
[Site "Livigno ITA"]
[Date "2010.09.14"]
[Round "5"]
[White "Rotstein, Arkadij"]
[Black "Damia, Angelo"]
[WhiteElo "2542"]
[BlackElo "2287"]
[Result "1-0"]
[PlyCount "69"]
[EventDate "2010.09.10"]

1. d4 c5 2. d5 Nf6 3. Nc3 d6 4. e4 a6 5. a4 e6 6. Bc4 Be7 7. Nf3 O-O 8. O-O
exd5 9. Nxd5 Nxd5 10. Bxd5 Nc6 11. c3 Bg4 12. h3 Bxf3 13. Qxf3 Bg5 14. Qg3 Bxc1
15. Raxc1 Ne7 16. Bc4 Qb8 17. Qd3 Ng6 18. f4 d5 19. exd5 Nxf4 20. Qe3 b5 21.
Qxf4 bxc4 22. Qxc4 Qd6 23. Rcd1 Rab8 24. Rd2 Rfe8 25. Qf4 Qd7 26. d6 Re6 27.
Qf5 Rb6 28. Qxc5 Rc6 29. Qf5 Rcxd6 30. Rxd6 Rxd6 31. Qxd7 Rxd7 32. Re1 Kf8 33.
Kf2 Rc7 34. Re4 Rc6 35. Ke3 1-0

[Event "Open A"]
[Site "Livigno ITA"]
[Date "2010.09.14"]
[Round "5"]
[White "Shachar, Ehud"]
[Black "Berend, Fred"]
[WhiteElo "2353"]
[BlackElo "2382"]
[Result "1-0"]
[PlyCount "81"]
[EventDate "2010.09.10"]

1. e4 c5 2. Nf3 Nc6 3. d3 g6 4. g3 Bg7 5. Bg2 d6 6. O-O e5 7. Nc3 Nge7 8. Bg5
f6 9. Be3 Be6 10. Nd2 b6 11. Nd5 O-O 12. c3 Qd7 13. Re1 Rae8 14. a4 Kh8 15. Nc4
f5 16. Qd2 Bg8 17. Bg5 Nxd5 18. exd5 Ne7 19. Bxe7 Rxe7 20. f4 Rfe8 21. fxe5
dxe5 22. d6 Bxc4 23. dxe7 Bxd3 24. Bc6 Qxc6 25. Qxd3 Rxe7 26. Red1 Bf6 27. Qd6
Qxd6 28. Rxd6 Kg7 29. a5 b5 30. Rd5 Bg5 31. Kf2 e4 32. Rad1 b4 33. Rd7 Kf7 34.
a6 Bf6 35. Rb7 bxc3 36. bxc3 Ke6 37. Rdb1 c4 38. Ke2 g5 39. R1b6+ Ke5 40. Rc6
f4 41. Rb5# 1-0

[Event "Open A"]
[Site "Livigno ITA"]
[Date "2010.09.14"]
[Round "5"]
[White "Skliba, Martin"]
[Black "Waldner, Mirko"]
[WhiteElo "2287"]
[BlackElo "2064"]
[Result "1/2-1/2"]
[PlyCount "85"]
[EventDate "2010.09.10"]

1. d4 Nf6 2. c4 g6 3. Nc3 Bg7 4. e4 d6 5. Nf3 O-O 6. h3 e5 7. d5 a5 8. Bg5 Qe8
9. g4 Nfd7 10. Rg1 Nc5 11. Nd2 Nba6 12. Nb3 b6 13. Nxc5 Nxc5 14. Be2 Bd7 15. h4
Kh8 16. h5 h6 17. Be3 g5 18. b3 Bf6 19. f3 Qe7 20. Kf2 Rfb8 21. Qc2 Qe8 22. Nb5
Bxb5 23. cxb5 Bd8 24. Bc4 Nd7 25. a3 Ra7 26. Qb2 Kg8 27. b4 a4 28. Rac1 Qe7 29.
Ba2 Nf6 30. Qd2 Ne8 31. Bb1 Qd7 32. Bd3 Bf6 33. Ke2 Ng7 34. Qc2 Ne8 35. Qc4 Kf8
36. Bb1 Ng7 37. Qd3 Rd8 38. Rc6 Ne8 39. Bc2 Rb8 40. Bc1 Rd8 41. Qd1 Rda8 42.
Bb2 Qe7 43. Bd3 1/2-1/2

[Event "Open A"]
[Site "Livigno ITA"]
[Date "2010.09.14"]
[Round "5"]
[White "Weisbuch, Udi"]
[Black "Arnetta, Maria Teresa"]
[WhiteElo "2306"]
[BlackElo "2111"]
[Result "1/2-1/2"]
[PlyCount "66"]
[EventDate "2010.09.10"]

1. e4 e5 2. Nf3 Nc6 3. Nc3 Nf6 4. g3 d5 5. exd5 Nd4 6. Bg2 Bg4 7. h3 Nxf3+ 8.
Bxf3 Bxf3 9. Qxf3 Qd7 10. Qe3 Bd6 11. b3 O-O 12. Bb2 b5 13. Qd3 b4 14. Ne4 Nxe4
15. Qxe4 a5 16. O-O-O a4 17. Kb1 Qb5 18. Qc4 Ra5 19. Qxb5 Rxb5 20. Rhe1 Rxd5
21. d3 Ra8 22. g4 f6 23. Re4 axb3 24. axb3 Rd8 25. f3 Kf7 26. Kc1 Kg6 27. Rh1
Rh8 28. Kd2 Ra5 29. h4 Ra2 30. h5+ Kf7 31. Kc1 Rha8 32. Rhe1 g6 33. Kb1 Bc5
1/2-1/2

[Event "Open A"]
[Site "Livigno ITA"]
[Date "2010.09.15"]
[Round "6"]
[White "Aguettaz, Maxime"]
[Black "Petkov, Vladimir"]
[WhiteElo "2412"]
[BlackElo "2513"]
[Result "1/2-1/2"]
[PlyCount "75"]
[EventDate "2010.09.10"]

1. Nf3 d5 2. d4 Nf6 3. c4 e6 4. Nc3 Bb4 5. Bg5 h6 6. Bxf6 Qxf6 7. e3 O-O 8. Rc1
c6 9. a3 Bxc3+ 10. Rxc3 Nd7 11. Qc2 a5 12. cxd5 exd5 13. Bd3 Re8 14. O-O Qe7
15. Rb1 a4 16. Bh7+ Kf8 17. Bf5 Nf6 18. Bxc8 Rexc8 19. b4 Ne4 20. Rd3 Nd6 21.
Ne5 Nb5 22. Re1 Kg8 23. e4 Rd8 24. Qd2 dxe4 25. Rxe4 f6 26. Qa2+ Kh7 27. Ng4
Qd7 28. Rh3 Rf8 29. Qd2 f5 30. Rxh6+ gxh6 31. Qxh6+ Kg8 32. Re6 fxg4 33. Rg6+
Kf7 34. Rf6+ Kg8 35. Rg6+ Kf7 36. Rf6+ Kg8 37. Rg6+ Kf7 38. Rf6+ 1/2-1/2

[Event "Open A"]
[Site "Livigno ITA"]
[Date "2010.09.15"]
[Round "6"]
[White "Arnaudov, G. Petar"]
[Black "Michalik, Peter"]
[WhiteElo "2442"]
[BlackElo "2455"]
[Result "1/2-1/2"]
[PlyCount "64"]
[EventDate "2010.09.10"]

1. d4 d6 2. Nf3 g6 3. c4 Bg7 4. Nc3 Bg4 5. h3 Bxf3 6. exf3 Nf6 7. g4 O-O 8. Bg2
Nbd7 9. f4 c6 10. d5 Nb6 11. Qd3 Rc8 12. O-O cxd5 13. cxd5 Qd7 14. Rb1 h5 15.
g5 Ne8 16. Be3 Nc4 17. Rfc1 a6 18. a4 Nxe3 19. fxe3 Bxc3 20. Rxc3 Ng7 21. Qc2
Rxc3 22. bxc3 Nf5 23. e4 Ne3 24. Qd3 Nxg2 25. Kxg2 Qxa4 26. Rxb7 Rc8 27. Rb2
Qa1 28. Qb1 Qa5 29. Rc2 Rxc3 30. Qb8+ Kh7 31. Rxc3 Qxc3 32. Qf8 Qd2+ 1/2-1/2

[Event "Open A"]
[Site "Livigno ITA"]
[Date "2010.09.15"]
[Round "6"]
[White "Battistella, Stefano"]
[Black "Innocenti, Luca"]
[WhiteElo "2091"]
[BlackElo "2020"]
[Result "1-0"]
[PlyCount "81"]
[EventDate "2010.09.10"]

1. c4 c5 2. g3 g6 3. Bg2 Bg7 4. Nc3 Nc6 5. a3 e6 6. b4 d6 7. Bb2 Nge7 8. b5 Ne5
9. d3 O-O 10. h3 Qa5 11. Qd2 f5 12. f4 Nf7 13. Nf3 d5 14. O-O Qc7 15. cxd5 exd5
16. Rac1 b6 17. Na2 Bb7 18. Bxg7 Kxg7 19. Qb2+ Kg8 20. d4 c4 21. Ne5 Nd6 22.
Nc3 Ne4 23. Kh2 Nc8 24. Nxe4 fxe4 25. e3 Nd6 26. g4 a6 27. bxa6 Rxa6 28. h4 Bc6
29. h5 Kg7 30. hxg6 hxg6 31. Kg3 Rh8 32. Rh1 Rxh1 33. Rxh1 Ra8 34. Bf1 Nf7 35.
Nxf7 Qxf7 36. Bxc4 Qe7 37. Qxb6 Rxa3 38. Qxc6 Rxe3+ 39. Kf2 Rf3+ 40. Ke2 dxc4
41. Qc8 1-0

[Event "Open A"]
[Site "Livigno ITA"]
[Date "2010.09.15"]
[Round "6"]
[White "Berend, Fred"]
[Black "Bertagnolli, Alexander"]
[WhiteElo "2382"]
[BlackElo "2395"]
[Result "0-1"]
[PlyCount "66"]
[EventDate "2010.09.10"]

1. d4 Nf6 2. c4 e5 3. dxe5 Ng4 4. Nf3 Bc5 5. e3 Nc6 6. Be2 O-O 7. a3 a5 8. Nc3
Re8 9. Na4 Bf8 10. b3 Ngxe5 11. Nxe5 Nxe5 12. Bb2 Ra6 13. Qd5 Rd6 14. Qxa5 Qg5
15. Kf1 b6 16. h4 Qxg2+ 17. Kxg2 bxa5 18. Rad1 Bb7+ 19. f3 Ng4 20. Rxd6 Nxe3+
21. Kf2 Bxd6 22. Rg1 g6 23. Bd3 Be7 24. Be4 Bxh4+ 25. Kxe3 f5 26. Nc5 Bc6 27.
Bc3 Be7 28. Ne6 fxe4 29. Nxc7 Rc8 30. Na6 exf3 31. Bxa5 Re8 32. Kf2 Bh4+ 33.
Kf1 f2 0-1

[Event "Open A"]
[Site "Livigno ITA"]
[Date "2010.09.15"]
[Round "6"]
[White "Bossi, Alessandro"]
[Black "Kantorik, Marian"]
[WhiteElo "2012"]
[BlackElo "2379"]
[Result "0-1"]
[PlyCount "132"]
[EventDate "2010.09.10"]

1. e4 Nf6 2. e5 Nd5 3. Nc3 c6 4. Nxd5 cxd5 5. f4 d6 6. Nf3 Nc6 7. d4 Bf5 8. c3
e6 9. Bd3 Bg6 10. O-O Be7 11. Qe2 a6 12. Bd2 Bxd3 13. Qxd3 O-O 14. exd6 Qxd6
15. f5 exf5 16. Qxf5 g6 17. Qh3 f5 18. Rae1 Bf6 19. Re2 Rae8 20. Rfe1 Re4 21.
Rf2 Rfe8 22. Ref1 Qe7 23. Qh6 Bg7 24. Qh3 Bf6 25. Qh6 Qg7 26. Qh3 b5 27. a3 Qe7
28. Qh6 Qg7 29. Qh3 Na5 30. Bg5 Bxg5 31. Nxg5 Re3 32. Qh4 Nc4 33. Qf4 h6 34.
Nf3 R3e4 35. Qc1 Ne3 36. Re1 Ng4 37. Rff1 Ne3 38. Rf2 Kh7 39. h3 Nc4 40. Ref1
Qc7 41. Nd2 Re3 42. Nxc4 bxc4 43. Rf3 Re2 44. Qb1 Qe7 45. Qc1 Qe4 46. R3f2 Kg7
47. Rxe2 Qxe2 48. Qf4 Qe3+ 49. Qxe3 Rxe3 50. Rf2 Kf6 51. h4 g5 52. hxg5+ hxg5
53. Kh2 Kg6 54. g3 g4 55. Kg2 Kg5 56. Rd2 f4 57. gxf4+ Kxf4 58. Rf2+ Ke4 59.
Rf6 Re2+ 60. Kg3 Rxb2 61. Rxa6 Rb3 62. a4 Rxc3+ 63. Kxg4 Kxd4 64. a5 Ra3 65.
Ra8 c3 66. a6 Ke5 0-1

[Event "Open A"]
[Site "Livigno ITA"]
[Date "2010.09.15"]
[Round "6"]
[White "Bove, Alessandro"]
[Black "Weisbuch, Udi"]
[WhiteElo "2397"]
[BlackElo "2306"]
[Result "1-0"]
[PlyCount "117"]
[EventDate "2010.09.10"]

1. d4 Nf6 2. Nf3 g6 3. c4 Bg7 4. Nc3 O-O 5. Bf4 d6 6. e3 Bg4 7. Be2 c6 8. O-O
Nbd7 9. b4 Nh5 10. Bg5 h6 11. Bh4 g5 12. Ne1 Bxe2 13. Qxe2 Ndf6 14. Bg3 Nxg3
15. hxg3 c5 16. Nc2 cxb4 17. Nxb4 Rc8 18. Rab1 e6 19. Rfc1 a6 20. Qd3 Qc7 21.
Ne4 a5 22. Nxf6+ Bxf6 23. Nc2 Qxc4 24. Qxc4 Rxc4 25. Na3 Ra4 26. Nb5 e5 27. d5
e4 28. a3 Be5 29. Rc7 Ra8 30. Rbc1 Rb8 31. g4 Bb2 32. R1c2 Bxa3 33. Ra2 Rb4 34.
Nxa3 Ra4 35. Rc4 Rxc4 36. Nxc4 b5 37. Nxa5 Ra8 38. Ra1 Kg7 39. Nb3 Ra4 40. Rxa4
bxa4 41. Nc1 Kg6 42. f3 f5 43. Kf2 exf3 44. gxf3 a3 45. e4 f4 46. Na2 Kf6 47.
Ke2 Kg6 48. Kd3 Kf7 49. Kd4 Ke7 50. e5 dxe5+ 51. Kxe5 Kd7 52. Nc3 Ke7 53. Kf5
Kd6 54. Kg6 a2 55. Nxa2 Kxd5 56. Kxh6 Kd4 57. Kxg5 Ke3 58. Nc3 Kxf3 59. Nd5 1-0

[Event "Open A"]
[Site "Livigno ITA"]
[Date "2010.09.15"]
[Round "6"]
[White "Cazzaniga, Walter"]
[Black "Urosevic, Goran"]
[WhiteElo "2114"]
[BlackElo "2218"]
[Result "0-1"]
[PlyCount "116"]
[EventDate "2010.09.10"]

1. d4 Nf6 2. c4 c5 3. d5 b5 4. cxb5 a6 5. bxa6 Bxa6 6. Nc3 g6 7. Nf3 Bg7 8. g3
d6 9. Bg2 Nbd7 10. O-O Nb6 11. Re1 O-O 12. Bf4 Nfd7 13. Qc2 Nc4 14. Nd2 Ndb6
15. Reb1 Nxd2 16. Bxd2 Nc4 17. Be1 Qb6 18. a4 Rfb8 19. b3 Na5 20. Ra3 Qb4 21.
Nb5 Rxb5 22. Bxb4 Rxb4 23. e3 Rab8 24. Rd1 Nxb3 25. a5 c4 26. Rb1 Nc5 27. Rxb4
Rxb4 28. Ra2 Bf6 29. Bf1 Kg7 30. h4 h5 31. Kh2 Be5 32. Kg2 f5 33. Be2 Ne4 34.
Ra4 Rb2 35. Qxb2 Bxb2 36. Bxc4 Nc5 37. Ra2 Bxc4 38. Rxb2 Bxd5+ 39. f3 Bc4 40.
Rb6 Kf6 41. Kf2 Ke5 42. Ke1 Kd5 43. Kd1 Nd7 44. Rb7 Kc6 45. Rb4 Ba6 46. Kc2 Bb5
47. Kc3 Nf6 48. Rb1 Kc5 49. Ra1 Nd5+ 50. Kd2 Ba6 51. Rb1 Nb4 52. Rc1+ Bc4 53.
Ra1 Kb5 54. Ra3 Nc6 55. a6 Kb6 56. a7 Nxa7 57. e4 fxe4 58. fxe4 Nc6 0-1

[Event "Open A"]
[Site "Livigno ITA"]
[Date "2010.09.15"]
[Round "6"]
[White "Codenotti, Marco"]
[Black "Mlynek, Petr"]
[WhiteElo "2175"]
[BlackElo "2183"]
[Result "1-0"]
[PlyCount "95"]
[EventDate "2010.09.10"]

1. e4 c6 2. Ne2 d6 3. d4 Nf6 4. Nbc3 g6 5. g3 Bg7 6. Bg2 O-O 7. O-O e5 8. h3 b5
9. Be3 Nbd7 10. d5 Qc7 11. a4 b4 12. dxc6 Qxc6 13. Nd5 Nxd5 14. exd5 Qc4 15. b3
Qc7 16. c3 bxc3 17. Rc1 Ba6 18. Rxc3 Bxe2 19. Rxc7 Bxd1 20. Rxd1 Nb6 21. Rdc1
Rfe8 22. a5 Nc8 23. b4 a6 24. Rd7 Rb8 25. Rcc7 Rxb4 26. Rxf7 Bf8 27. Bg5 Rb1+
28. Kh2 Rb5 29. Rxh7 Rxa5 30. Bf6 Be7 31. Rh8+ Kf7 32. Rxe8 Kxe8 33. Rxc8+ Kd7
34. Bxe7 Kxc8 35. Bxd6 Ra2 36. Bxe5 Rxf2 37. h4 a5 38. d6 Re2 39. Bc3 a4 40.
Kg1 Kd7 41. Bb4 Re5 42. Bh3+ Kd8 43. d7 Rd5 44. Bc3 Ke7 45. Bb4+ Kd8 46. Kf2
Rb5 47. Bc3 Kc7 48. Bf6 1-0

[Event "Open A"]
[Site "Livigno ITA"]
[Date "2010.09.15"]
[Round "6"]
[White "Cordova, Emilio"]
[Black "Judkovsky, Yair"]
[WhiteElo "2539"]
[BlackElo "2315"]
[Result "0-1"]
[PlyCount "94"]
[EventDate "2010.09.10"]

1. d4 Nf6 2. g3 g6 3. Bg2 Bg7 4. e4 d6 5. Ne2 O-O 6. O-O Nbd7 7. h3 e5 8. dxe5
dxe5 9. Be3 Qe7 10. Nd2 b6 11. c4 Nc5 12. Nc3 c6 13. b4 Ne6 14. b5 cxb5 15.
Nxb5 Rd8 16. Nc3 Nd4 17. Bg5 Qa3 18. Nd5 Nxd5 19. cxd5 f6 20. Be3 Ba6 21. Re1
Qc3 22. Qa4 Bb5 23. Qd1 Nc2 24. Rc1 Rac8 25. h4 Nxe3 26. Rxc3 Nxd1 27. Rxc8
Rxc8 28. Rxd1 Bf8 29. Nf1 Ba4 30. Bh3 Rc3 31. Rd2 Bd6 32. Ne3 Kf7 33. Bf1 b5
34. Kg2 Ke7 35. Be2 a6 36. Bd1 Bxd1 37. Nxd1 Rc1 38. h5 a5 39. hxg6 hxg6 40.
Kf3 a4 41. Ke2 Kd7 42. f3 Bc5 43. Rb2 b4 44. Kd2 Ra1 45. Ne3 b3 46. axb3 Bd4
47. Kc2 a3 0-1

[Event "Open A"]
[Site "Livigno ITA"]
[Date "2010.09.15"]
[Round "6"]
[White "Damia, Angelo"]
[Black "Chytilek, Roman"]
[WhiteElo "2287"]
[BlackElo "2368"]
[Result "1/2-1/2"]
[PlyCount "76"]
[EventDate "2010.09.10"]

1. d4 Nf6 2. Nf3 d6 3. c4 g6 4. Nc3 Bg7 5. Bf4 O-O 6. e3 c5 7. d5 Qb6 8. Qb3
Qxb3 9. axb3 Nh5 10. Bg5 f6 11. Bh4 g5 12. Be2 Bd7 13. Nd2 gxh4 14. Bxh5 Na6
15. Nf3 Nc7 16. Nxh4 b5 17. Be2 bxc4 18. Bxc4 f5 19. O-O Rfb8 20. Ra5 Rb7 21.
Rfa1 a6 22. Nf3 Rab8 23. Nd2 Bb5 24. Bf1 Bxf1 25. Kxf1 Bxc3 26. bxc3 Nxd5 27.
c4 Nb4 28. Ke2 Kf7 29. Rg1 Rg8 30. g3 Kf6 31. Raa1 e6 32. Rgd1 Rd8 33. Ra5 Ke7
34. Nf3 Rb6 35. Rda1 Rd7 36. R5a4 Nc2 37. Rc1 Nb4 38. Rca1 Nc2 1/2-1/2

[Event "Open A"]
[Site "Livigno ITA"]
[Date "2010.09.15"]
[Round "6"]
[White "Karl, Hans"]
[Black "Valsecchi, Alessio"]
[WhiteElo "2211"]
[BlackElo "2331"]
[Result "0-1"]
[PlyCount "42"]
[EventDate "2010.09.10"]

1. d4 d5 2. c4 c6 3. Nc3 Nf6 4. Nf3 e6 5. Bg5 Nbd7 6. e3 Qa5 7. Nd2 Bb4 8. Qc2
Ne4 9. Ndxe4 dxe4 10. Bh4 O-O 11. Be2 g5 12. Bg3 f5 13. f4 gxf4 14. Bxf4 e5 15.
dxe5 Nxe5 16. O-O Ng6 17. Bh6 Be6 18. a3 Bd6 19. Rad1 Be5 20. b4 Qxa3 21. Na2
a5 0-1

[Event "Open A"]
[Site "Livigno ITA"]
[Date "2010.09.15"]
[Round "6"]
[White "Raineri, Valerio"]
[Black "Jedlicka, Ales"]
[WhiteElo "2114"]
[BlackElo "2279"]
[Result "0-1"]
[PlyCount "64"]
[EventDate "2010.09.10"]

1. e4 c5 2. Nf3 d6 3. d4 cxd4 4. Nxd4 Nf6 5. Nc3 a6 6. Be3 e5 7. Nb3 Be6 8. f3
Be7 9. Qd2 O-O 10. O-O-O Nbd7 11. g4 b5 12. g5 b4 13. Nd5 Nxd5 14. exd5 Bf5 15.
Qxb4 Bxg5 16. Qd2 Bxe3 17. Qxe3 a5 18. a4 Qc7 19. Rd2 Nb6 20. Na1 Nxa4 21. Bb5
Nxb2 22. Kxb2 Rab8 23. Qb3 Rxb5 24. Qxb5 Rb8 25. Qxb8+ Qxb8+ 26. Ka2 Qb4 27.
Rb1 Qc4+ 28. Ka3 h5 29. Rb8+ Kh7 30. Rb2 Qc3+ 31. Nb3 Qb4+ 32. Ka2 a4 0-1

[Event "Open A"]
[Site "Livigno ITA"]
[Date "2010.09.15"]
[Round "6"]
[White "Shachar, Ehud"]
[Black "Naumkin, Igor"]
[WhiteElo "2353"]
[BlackElo "2483"]
[Result "0-1"]
[PlyCount "118"]
[EventDate "2010.09.10"]

1. e4 e6 2. d3 d5 3. Nd2 Nf6 4. Ngf3 Nc6 5. c3 a5 6. Be2 Be7 7. O-O O-O 8. Re1
a4 9. Qc2 e5 10. h3 h6 11. Rb1 Be6 12. b4 axb3 13. axb3 d4 14. Nc4 Nd7 15. b4
b5 16. Na5 Nxa5 17. bxa5 dxc3 18. Qxc3 b4 19. Qc6 Rxa5 20. Bd2 Nc5 21. Nxe5 Nb3
22. Nf3 Nxd2 23. Nxd2 Bc5 24. Nf3 Bd7 25. Qb7 c6 26. Ra1 Rb5 27. Qa6 Rb6 28.
Qa5 Be7 29. d4 b3 30. Qa7 b2 31. Rab1 Be6 32. Red1 Re8 33. Rd2 Qb8 34. Qxb8
Rexb8 35. d5 cxd5 36. exd5 Bf5 37. Bd3 Bxd3 38. Rxd3 Rc8 39. Rdd1 Bf6 40. Ne1
Rd8 41. Nc2 Rb5 42. Ne3 h5 43. Kf1 Ra5 44. Ke2 Rc8 45. Kd2 Kf8 46. Ke2 Ke8 47.
Kd2 Kd7 48. Ke2 g6 49. Kd2 Kd6 50. Rf1 Ra1 51. Rfd1 Bg7 52. h4 f5 53. g3 Rc5
54. Rf1 Bd4 55. Nc2 Rxb1 56. Rxb1 Bc3+ 57. Kd3 Bg7 58. Kd2 Rxd5+ 59. Ke2 Ra5
0-1

[Event "Open A"]
[Site "Livigno ITA"]
[Date "2010.09.15"]
[Round "6"]
[White "Stella, Andrea"]
[Black "Cocchi, Andrea"]
[WhiteElo "2334"]
[BlackElo "2266"]
[Result "1-0"]
[PlyCount "89"]
[EventDate "2010.09.10"]

1. e4 Nc6 2. Nf3 d6 3. d4 Nf6 4. Bb5 a6 5. Bxc6+ bxc6 6. Nc3 Bg4 7. h3 Bd7 8.
e5 Nd5 9. Ne4 Bf5 10. Ng3 Bg6 11. O-O e6 12. c4 Nb6 13. b3 Be7 14. Bb2 O-O 15.
Qe2 Qb8 16. Rac1 a5 17. h4 h6 18. h5 Bh7 19. exd6 cxd6 20. Nd2 d5 21. c5 Nd7
22. Bc3 Bg5 23. Rce1 Bf4 24. Qf3 Nf6 25. Ne2 Bg5 26. Qh3 Bf5 27. Qh1 Nd7 28. f4
Bf6 29. Nf3 Bd3 30. Ne5 Bxe5 31. fxe5 f6 32. Qh3 Bf5 33. Rxf5 exf5 34. e6 a4
35. exd7 axb3 36. axb3 Qxb3 37. Qxf5 Rad8 38. Ba5 Qe3+ 39. Kf1 Ra8 40. d8=Q
Rfxd8 41. Bxd8 Rxd8 42. Qf3 Qd2 43. Qf4 Qd3 44. Qg3 Qd2 45. Nf4 1-0

[Event "Open A"]
[Site "Livigno ITA"]
[Date "2010.09.15"]
[Round "6"]
[White "Trens, Yohan"]
[Black "Milenkovic, Mladen"]
[WhiteElo "2086"]
[BlackElo "2406"]
[Result "0-1"]
[PlyCount "76"]
[EventDate "2010.09.10"]

1. e4 c5 2. Nf3 d6 3. d4 cxd4 4. Nxd4 Nf6 5. Nc3 Nc6 6. f3 e5 7. Nb3 Be7 8. Be3
O-O 9. Qd2 a5 10. Bb5 Be6 11. O-O-O Qc7 12. g4 Rfc8 13. g5 Nd7 14. Qf2 Nb4 15.
Kb1 Bc4 16. Bxc4 Qxc4 17. a3 Nc6 18. Nd5 Bf8 19. Rhg1 Nd8 20. Rc1 Ne6 21. h4 b5
22. Nd2 Qc6 23. c3 Nc7 24. Nxc7 Rxc7 25. h5 Nc5 26. Qe2 d5 27. g6 dxe4 28.
gxh7+ Kh8 29. h6 g6 30. f4 Nd3 31. Rcd1 b4 32. Nxe4 Nxb2 33. Rd4 Na4 34. Qf2
Nxc3+ 35. Nxc3 exd4 36. Bxd4+ Kxh7 37. Na2 Qe4+ 38. Kb2 Rac8 0-1

[Event "Open A"]
[Site "Livigno ITA"]
[Date "2010.09.15"]
[Round "6"]
[White "Umanec, Filip"]
[Black "Cimmino, Pietro"]
[WhiteElo "2206"]
[BlackElo "2098"]
[Result "1-0"]
[PlyCount "93"]
[EventDate "2010.09.10"]

1. e4 c5 2. c3 d5 3. exd5 Qxd5 4. d4 Nc6 5. Nf3 Bg4 6. dxc5 Qxc5 7. Be3 Qa5 8.
Nbd2 Nf6 9. Qb3 Qc7 10. Bc4 e6 11. h3 Bxf3 12. Nxf3 Be7 13. O-O O-O 14. Bd3
Rfd8 15. Qc2 Rac8 16. Rfc1 Rd7 17. Nd4 Rcd8 18. Nxc6 Qxc6 19. Rd1 Nd5 20. Bxh7+
Kh8 21. Rxd5 Qxd5 22. Be4 Qe5 23. Bd4 Qh5 24. Bf3 Qh6 25. Bxa7 e5 26. Be3 Bg5
27. Bc5 b6 28. Bb4 Rd2 29. Qe4 Bf6 30. b3 Qh4 31. Qxh4+ Bxh4 32. g3 Bg5 33. c4
R2d7 34. Bd5 b5 35. Ba5 Rb8 36. Bc3 f6 37. h4 bxc4 38. Bxc4 Bd2 39. Bxd2 Rxd2
40. a4 Rbd8 41. a5 Rd1+ 42. Rxd1 Rxd1+ 43. Kg2 Ra1 44. a6 g6 45. b4 Ra4 46. b5
Rxc4 47. b6 1-0

[Event "Open A"]
[Site "Livigno ITA"]
[Date "2010.09.15"]
[Round "6"]
[White "Vyskocil, Neklan"]
[Black "Skliba, Martin"]
[WhiteElo "2376"]
[BlackElo "2287"]
[Result "1/2-1/2"]
[PlyCount "111"]
[EventDate "2010.09.10"]

1. e4 c5 2. Nf3 e6 3. d4 cxd4 4. Nxd4 a6 5. Bd3 Bc5 6. Nb3 Be7 7. Qg4 g6 8. Qe2
d6 9. Be3 Qc7 10. f4 Nf6 11. N1d2 b5 12. a4 b4 13. Nc4 Nbd7 14. a5 Bb7 15. Nb6
Rb8 16. Nxd7 Nxd7 17. O-O Bf6 18. Ra4 Bc6 19. Ra2 Bb5 20. Rd1 O-O 21. Bxb5 Rxb5
22. Qd3 Rd8 23. Qxd6 Qxc2 24. Qd3 Qc7 25. Rc1 Qb7 26. Qc4 e5 27. Qc6 exf4 28.
Qxb7 Rxb7 29. Bxf4 Ne5 30. Nc5 Rc7 31. Raa1 Rc6 32. Nb7 Rdc8 33. Rxc6 Rxc6 34.
Rd1 Rc2 35. Rd6 Kg7 36. b3 Nc6 37. h3 g5 38. Bg3 h5 39. e5 Nxe5 40. Rxa6 h4 41.
Bxe5 Bxe5 42. Nd6 f6 43. Nf5+ Kg6 44. Ne7+ Kf7 45. Nd5 Bd4+ 46. Kf1 Rf2+ 47.
Ke1 Rxg2 48. Rc6 g4 49. Rc7+ Ke8 50. Rc4 gxh3 51. Rxd4 h2 52. Rxh4 Rg1+ 53. Kd2
h1=Q 54. Rxh1 Rxh1 55. a6 Ra1 56. Nxf6+ 1/2-1/2

[Event "Open A"]
[Site "Livigno ITA"]
[Date "2010.09.15"]
[Round "6"]
[White "Waldner, Mirko"]
[Black "Hrzica, Rok"]
[WhiteElo "2064"]
[BlackElo "2308"]
[Result "0-1"]
[PlyCount "56"]
[EventDate "2010.09.10"]

1. e4 d5 2. d3 Nc6 3. Nd2 Nf6 4. Ngf3 Bg4 5. g3 dxe4 6. dxe4 Nxe4 7. Be2 Nxd2
8. Bxd2 Qd5 9. h3 Bh5 10. g4 Bg6 11. c4 Qd7 12. b4 O-O-O 13. Qb3 Nd4 14. Nxd4
Qxd4 15. Rd1 Qe4 16. f3 Qe5 17. Kf2 e6 18. Qa4 Be7 19. Qxa7 c6 20. Be3 Bh4+ 21.
Kf1 Rxd1+ 22. Bxd1 Bd3+ 23. Be2 Qa1+ 24. Kg2 Qb2 25. Qa8+ Kc7 26. Bb6+ Kd6 27.
Bc5+ Ke5 28. Bd4+ Kxd4 0-1

[Event "Open A"]
[Site "Livigno ITA"]
[Date "2010.09.16"]
[Round "7"]
[White "Chytilek, Roman"]
[Black "Vyskocil, Neklan"]
[WhiteElo "2368"]
[BlackElo "2376"]
[Result "1-0"]
[PlyCount "97"]
[EventDate "2010.09.10"]

1. d4 Nf6 2. c4 e6 3. g3 Bb4+ 4. Bd2 Bxd2+ 5. Qxd2 d5 6. Bg2 O-O 7. Nf3 Nbd7 8.
O-O b6 9. cxd5 exd5 10. Nc3 Bb7 11. Rfd1 Ne4 12. Qc2 Re8 13. e3 Nxc3 14. Qxc3
c6 15. Rac1 Qe7 16. Bh3 Red8 17. b4 Qf6 18. Kg2 Rab8 19. a4 g6 20. a5 h5 21.
Rd2 g5 22. Bxd7 Rxd7 23. Rdc2 Rc7 24. Ne5 Re8 25. Qd3 Re6 26. f4 g4 27. axb6
axb6 28. Kg1 b5 29. Rc3 Kg7 30. Ra1 Bc8 31. Rf1 Re8 32. f5 Rd8 33. Qc2 Rd6 34.
Rf4 Qh6 35. Qf2 Rf6 36. h3 gxh3 37. Kh2 Kf8 38. Rc1 Ra7 39. Rf1 Qg5 40. Qc2 Ra3
41. R1f3 Ra6 42. Rf2 Rh6 43. Ng6+ Kg8 44. Qc5 Qd8 45. Qe7 Qxe7 46. Nxe7+ Kf8
47. Nxc8 f6 48. e4 dxe4 49. Rxe4 1-0